书目信息 |
| 题名: |
在典雅与游戏之间
|
|
| 作者: | 金琼, 著 | |
| 分册: | ||
| 出版信息: | 北京 中国社会科学出版社 2015 |
|
| 页数: | 257页 | |
| 开本: | 24cm | |
| 丛书名: | ||
| 单 册: | ||
| 中图分类: | I500.64 | |
| 科图分类: | ||
| 主题词: | 欧洲文学--ou zhou wen xue--近代文学--审美--文学研究--17世纪 | |
| 电子资源: | ||
| ISBN: | 978-7-5161-6542-3 | |
| 000 | 01294nam0 22002771 450 | |
| 001 | 0124140216 | |
| 005 | 20170324140216.0 | |
| 010 | @a978-7-5161-6542-3@dCNY59.00 | |
| 100 | @a20160406d2015 kemy0chiy50 ea | |
| 101 | 0 | @achi |
| 102 | @aCN@b110000 | |
| 105 | @ay a 000yy | |
| 106 | @ar | |
| 200 | 1 | @a在典雅与游戏之间@9zai dian ya yu you xi zhi jian@e17世纪欧洲巴洛克文学审美张力研究@dBetween elegance and games@estudies on the aesthetic tension of European Baroque literature in the seventeenth century@f金琼著@zeng |
| 210 | @a北京@c中国社会科学出版社@d2015 | |
| 215 | @a257页@d24cm | |
| 300 | @a2014年度广州市宣传文化出版资金资助项目 | |
| 320 | @a有书目 | |
| 330 | @a本书以“文学张力”为切入点, 运用文学张力理论, 辅之以叙事学、文艺心理学、接受美学等理论方法, 深入揭示十七世纪欧洲巴洛克文学的张力建构与张力美。 | |
| 510 | 1 | @aBetween elegance and games@estudies on the aesthetic tension of European Baroque literature in the seventeenth century@zeng |
| 517 | 1 | @a17世纪欧洲巴洛克文学审美张力研究@917shi ji ou zhou ba luo ke wen xue shen mei zhang li yan jiu |
| 606 | 0 | @a欧洲文学@9ou zhou wen xue@x近代文学@x审美@x文学研究@z17世纪 |
| 690 | @aI500.64@v5 | |
| 701 | 0 | @a金琼,@9jin qiong ,@f1967-@4著 |
| 801 | 0 | @aCN@bTANGWEI@c20170308 |
| 905 | @b0962223-6@dI500.64@e23@f4 | |
| 在典雅与游戏之间:17世纪欧洲巴洛克文学审美张力研究=Between elegance and games:studies on the aesthetic tension of European Baroque literature in the seventeenth century/金琼著.-北京:中国社会科学出版社,2015 |
| 257页;24cm |
| 2014年度广州市宣传文化出版资金资助项目 |
| ISBN 978-7-5161-6542-3:CNY59.00 |
| 本书以“文学张力”为切入点, 运用文学张力理论, 辅之以叙事学、文艺心理学、接受美学等理论方法, 深入揭示十七世纪欧洲巴洛克文学的张力建构与张力美。 |
| ● |
| 相关链接 |
|
|
|
|
正题名:在典雅与游戏之间
索取号:I500.64/23
 
预约/预借
| 序号 | 登录号 | 条形码 | 馆藏地/架位号 | 状态 | 备注 |
| 1 | 0962223 | 209622238 | 第一样本阅览室/ [索取号:I500.64/23] | 在馆 | |
| 2 | 0962224 | 209622247 | 第二借阅区/ [索取号:I500.64/23] | 在馆 | |
| 3 | 0962225 | 209622256 | 第二借阅区/ [索取号:I500.64/23] | 在馆 | |
| 4 | 0962226 | 209622265 | 第二借阅区/ [索取号:I500.64/23] | 在馆 |